| 000 | 00554cam a22001934a 4500 | ||
|---|---|---|---|
| 020 | _a083421198X | ||
| 050 | 0 | 0 |
_aRC 108 _b.F35 1999 |
| 100 | 1 | _aFalvo, Donna R. | |
| 245 | 1 | 0 |
_aMedical and psychosocial aspects of chronic illness and disability / _bDonna R. Falvo. |
| 250 | _a2nd ed. | ||
| 260 |
_aGaithersburg, Md. : _bAspen Publishers, _c1999. |
||
| 300 | _axxi, 464 p. : | ||
| 650 | 0 | _xRehabilitation. | |
| 650 | 0 | _xSocial aspects. | |
| 650 | 0 | _xPsychological aspects. | |
| 650 | 2 | _xpsychology. | |
| 650 | 2 | _xrehabilitation. | |
| 942 |
_2lcc _cGEN |
||
| 999 |
_c14379 _d14379 |
||